| 000 | 00957nam a22002537a 4500 | ||
|---|---|---|---|
| 005 | 20170124103028.0 | ||
| 010 | _aA-831627 | ||
| 020 |
_c95.00 _a817178495 |
||
| 035 | _aA-831627 | ||
| 037 | _bCen Lib/Ret | ||
| 040 |
_aDPL _bHN |
||
| 082 |
_aक _bव्यासय |
||
| 100 |
_aव्यास, यशवंत _962870 |
||
| 245 |
_aचिंताघर / _cयशवंत व्यास |
||
| 246 |
_aChintaghar / _bby Yashwant Vyas |
||
| 260 |
_aनयी दिल्ली _bराजकमल प्रकाशन _c1996 |
||
| 270 |
_bनयी दिल्ली _a1-बी, नेता ज़ी सुभाष मार्ग _e110002 |
||
| 300 |
_a143पृ. _c17सेमी(सजिल्द) |
||
| 650 |
_aहिन्दी साहित्य _962871 |
||
| 650 |
_aकहानियां _962872 |
||
| 650 |
_aHindi literature _962873 |
||
| 650 |
_aStories _97500 |
||
| 942 |
_2ddc _cHN _hक _mव्यासय |
||
| 999 |
_c115714 _d115714 |
||